LUXURY BRANDS IN CHINA AND INDIA (Record no. 30116)

MARC details
000 -LEADER
fixed length control field 00343nam a2200133Ia 4500
008 - FIXED-LENGTH DATA ELEMENTS--GENERAL INFORMATION
fixed length control field 240624s9999 xx 000 0 und d
041 ## - LANGUAGE CODE
Language code of text/sound track or separate title eng
082 ## - DEWEY DECIMAL CLASSIFICATION NUMBER
Classification number 658.827 ATW
100 ## - MAIN ENTRY--PERSONAL NAME
Personal name ATWAL GLYN
245 ## - TITLE STATEMENT
Title LUXURY BRANDS IN CHINA AND INDIA
260 ## - PUBLICATION, DISTRIBUTION, ETC.
Date of publication, distribution, etc. 2017
Place of publication, distribution, etc. London
Name of publisher, distributor, etc. Palgrave Macmillan
300 ## - PHYSICAL DESCRIPTION
Extent xvii, 256 p.; 23 cm.
365 ## - TRADE PRICE
Currency code ERU
Price amount 31
Holdings
Withdrawn status Lost status Damaged status Not for loan Home library Current library Shelving location Date acquired Cost, normal purchase price Full call number Barcode Date last seen Copy number Price effective from Koha item type
        IMTN IMTN Rack 37-A 12/07/2017 154.99 658.827 ATW 30116 06/24/2024 79.5 06/24/2024 Books
Designed & Maintained by: LRC IMT Nagpur Contact: lrc@imtnag.ac.in© 2024. All Rights Reserved.